Indian theories of meaning (Record no. 1464679)
[ view plain ]
| 000 -LEADER | |
|---|---|
| fixed length control field | 00703nam a22002177a 4500 |
| 005 - DATE AND TIME OF LATEST TRANSACTION | |
| control field | 20251013114444.0 |
| 008 - FIXED-LENGTH DATA ELEMENTS--GENERAL INFORMATION | |
| fixed length control field | 251013b |||||||| |||| 00| 0 eng d |
| 037 ## - SOURCE OF ACQUISITION | |
| Terms of availability | TB |
| 040 ## - CATALOGING SOURCE | |
| Original cataloging agency | CRL |
| Transcribing agency | CRL |
| 041 ## - LANGUAGE CODE | |
| Source of code | ENG |
| Language code of text/sound track or separate title | ENG |
| 084 ## - COLON CLASSIFICATION NUMBER | |
| Classification number | P15:3 111K3;K9 |
| Item number | CRL |
| 100 ## - MAIN ENTRY--PERSONAL NAME | |
| Personal name | Raja, K Kunjunni |
| 9 (RLIN) | 848102 |
| 245 ## - TITLE STATEMENT | |
| Title | Indian theories of meaning |
| 260 ## - PUBLICATION, DISTRIBUTION, ETC. | |
| Place of publication, distribution, etc. | Chennai, India: |
| Name of publisher, distributor, etc. | Adyar Library and Research Centre, |
| Date of publication, distribution, etc. | 1969. |
| 300 ## - PHYSICAL DESCRIPTION | |
| Extent | 366p. |
| 365 ## - TRADE PRICE | |
| Price amount | 203.00 |
| Currency code | INR |
| 650 ## - SUBJECT ADDED ENTRY--TOPICAL TERM | |
| Topical term or geographic name entry element | Linguistics |
| 9 (RLIN) | 848103 |
| 650 ## - SUBJECT ADDED ENTRY--TOPICAL TERM | |
| Topical term or geographic name entry element | Sanskrit Language-words |
| 9 (RLIN) | 848104 |
| 942 ## - ADDED ENTRY ELEMENTS (KOHA) | |
| Source of classification or shelving scheme | Colon Classification (CC) |
| Koha item type | Textbook |
| Classification part | P15:3 111K3;K9 |
| Suppress in OPAC | No |
No items available.
